| 000 | 00678cam a22002531 4500 | ||
|---|---|---|---|
| 999 |
_c1940 _d1940 |
||
| 001 | 9849931 | ||
| 003 | OSt | ||
| 005 | 20180921191547.0 | ||
| 008 | 770405s1963 miu 000 0 eng | ||
| 010 | _a 63004213 | ||
| 035 | _a(OCoLC)2860475 | ||
| 040 |
_aDLC _cTxDaB _dDLC |
||
| 042 | _apremarc | ||
| 050 | 0 | 0 |
_aBT355 _b.R3 |
| 082 |
_a232.95 _bR253T |
||
| 100 | 1 | _aRavenhill, Leonard. | |
| 245 | 1 | 0 | _aTried and transfigured. |
| 260 |
_aMinneapolis, _bBethany Fellowship _c[1963] |
||
| 300 |
_a144 p. _c20 cm. |
||
| 600 | 1 | 0 |
_aJesus Christ _xTemptation. |
| 600 | 1 | 0 |
_aJesus Christ _xTransfiguration. |
| 906 |
_a7 _bcbc _coclcrpl _du _encip _f19 _gy-gencatlg |
||
| 942 |
_2ddc _cBK |
||